|
|
|
|
| LEADER |
01914cas a2200241 a 4500 |
| 001 |
AALejournalIMF004457 |
| 008 |
230101c9999 xx r poo 0 0eng d |
| 020 |
|
|
|c 5.00 USD
|
| 020 |
|
|
|z 9781451865806
|
| 022 |
|
|
|a 1018-5941
|
| 040 |
|
|
|a BD-DhAAL
|c BD-DhAAL
|
| 100 |
1 |
|
|a Das, Gouranga Gopal.
|
| 245 |
1 |
0 |
|a Does Trade and Technology Transmission Facilitate Inequality Convergence? :
|b An Inquiry into the Role of Technology in Reducing the Poverty of Nations /
|c Gouranga Gopal Das.
|
| 264 |
|
1 |
|a Washington, D.C. :
|b International Monetary Fund,
|c 2007.
|
| 300 |
|
|
|a 1 online resource (38 pages)
|
| 490 |
1 |
|
|a IMF Working Papers
|
| 500 |
|
|
|a <strong>Off-Campus Access:</strong> No User ID or Password Required
|
| 500 |
|
|
|a <strong>On-Campus Access:</strong> No User ID or Password Required
|
| 506 |
|
|
|a Electronic access restricted to authorized BRAC University faculty, staff and students
|
| 520 |
3 |
|
|a Based on stylized evidence showing variation of the Gini coefficient of income inequality across skill cohorts and on the rapid rise in trade in technology-intensive goods, the ripple effects of technology transmission and income inequality are explored in a global Computable General Equilibrium (CGE) framework. An exogenous technology shock transmitted via trade from the United States induces productivity growth in developing regions. This spillover capture-aided by absorptive capability, better governance and institutions, technological symmetry and social acceptance-causes income to increase and income inequality to decline. The conjoined parameters retard growth's inequality-enhancing effect and thus facilitate long-run convergence of inequality between nations.
|
| 538 |
|
|
|a Mode of access: Internet
|
| 830 |
|
0 |
|a IMF Working Papers; Working Paper ;
|v No. 2007/016
|
| 856 |
4 |
0 |
|z Full text available on IMF
|u http://elibrary.imf.org/view/journals/001/2007/016/001.2007.issue-016-en.xml
|z IMF e-Library
|